<?xml version="1.0" encoding="UTF-8"?><?xml-stylesheet type="text/xsl" href="static/style.xsl"?><OAI-PMH xmlns="http://www.openarchives.org/OAI/2.0/" xmlns:xsi="http://www.w3.org/2001/XMLSchema-instance" xsi:schemaLocation="http://www.openarchives.org/OAI/2.0/ http://www.openarchives.org/OAI/2.0/OAI-PMH.xsd"><responseDate>2026-06-01T02:06:31Z</responseDate><request verb="GetRecord" identifier="oai:riuma.uma.es:10630/37445" metadataPrefix="marc">https://riuma.uma.es/rest/oai/request</request><GetRecord><record><header><identifier>oai:riuma.uma.es:10630/37445</identifier><datestamp>2026-02-03T10:53:44Z</datestamp><setSpec>com_10630_2254</setSpec><setSpec>col_10630_37953</setSpec></header><metadata><record xmlns="http://www.loc.gov/MARC21/slim" xmlns:dcterms="http://purl.org/dc/terms/" xmlns:doc="http://www.lyncode.com/xoai" xmlns:xsi="http://www.w3.org/2001/XMLSchema-instance" xsi:schemaLocation="http://www.loc.gov/MARC21/slim http://www.loc.gov/standards/marcxml/schema/MARC21slim.xsd">
   <leader>00925njm 22002777a 4500</leader>
   <datafield ind2=" " ind1=" " tag="042">
      <subfield code="a">dc</subfield>
   </datafield>
   <datafield ind2=" " ind1=" " tag="720">
      <subfield code="a">Daddaoua, Ab</subfield>
      <subfield code="e">author</subfield>
   </datafield>
   <datafield ind2=" " ind1=" " tag="720">
      <subfield code="a">Molina Santiago, Carlos</subfield>
      <subfield code="e">author</subfield>
   </datafield>
   <datafield ind2=" " ind1=" " tag="720">
      <subfield code="a">de la Torre, Jesús</subfield>
      <subfield code="e">author</subfield>
   </datafield>
   <datafield ind2=" " ind1=" " tag="720">
      <subfield code="a">Krell, Tino</subfield>
      <subfield code="e">author</subfield>
   </datafield>
   <datafield ind2=" " ind1=" " tag="720">
      <subfield code="a">Ramos, Juan Luis</subfield>
      <subfield code="e">author</subfield>
   </datafield>
   <datafield ind2=" " ind1=" " tag="260">
      <subfield code="c">2014-06-11</subfield>
   </datafield>
   <datafield ind2=" " ind1=" " tag="520">
      <subfield code="a">In the human pathogen Pseudomonas aeruginosa, the GltR regulator is required for glucose transport, whereas GtrS is a sensor kinase that plays a key role in mediating bacteria–host interaction and pathogen dissemination in the host. We show that GtrS and GltR form a two-component system that regulates the expression from the promoters Pedd/gap-1, PoprB and Pglk, which control the expression of genes involved in glucose metabolism and transport. In addition, the GtrS/GltR pair regulates the expression of toxA that encodes exotoxin A, the primary virulence factor. Microcalorimetry-based ligand screening of the recombinant GtrS ligand-binding domain revealed specific binding of 2-ketogluconate (2-KG) (KD = 5 μM) and 6-phosphogluconate (KD = 98 μM). These effectors accelerate GtrS autophosphorylation, with concomitant transphosphorylation of GltR leading to a three-fold increase in transcription. Surprisingly, in vivo a similar increase in expression from the above promoters was observed for the mutant deficient in GltR regardless of the presence of effectors. The GltR operator site was found to contain the consensus sequence 5′-tgGTTTTTc-3′. We propose that 2-KG is a key metabolite in the stringent transcriptional control of genes involved in virulence and glucose metabolism. We show that GltR is a transcriptional repressor that is released from DNA upon phosphorylation.</subfield>
   </datafield>
   <datafield ind1="8" ind2=" " tag="024">
      <subfield code="a">Nucleic Acids Research, 2014, Vol. 42, No. 12 doi: 10.1093/nar/gku49</subfield>
   </datafield>
   <datafield ind1="8" ind2=" " tag="024">
      <subfield code="a">https://hdl.handle.net/10630/37445</subfield>
   </datafield>
   <datafield ind1="8" ind2=" " tag="024">
      <subfield code="a">10.1093/nar/gku496</subfield>
   </datafield>
   <datafield tag="653" ind2=" " ind1=" ">
      <subfield code="a">Pseudomonas aeruginosa</subfield>
   </datafield>
   <datafield ind2="0" ind1="0" tag="245">
      <subfield code="a">GtrS and GltR form a two-component system: the central role of 2-ketogluconate in the expression of exotoxin A and glucose catabolic enzymes in Pseudomonas aeruginosa</subfield>
   </datafield>
</record>
</metadata></record></GetRecord></OAI-PMH>